Las manos de Jesús. Poemas

Guardado en:
Detalles Bibliográficos
Autor principal: Donoso G., Francisco (Autor)
Formato: Libro
Lenguaje:español
Publicado: Santiago Imprenta de San José 1921
Materias:
Etiquetas: Agregar Etiqueta
Sin Etiquetas, Sea el primero en etiquetar este registro!

MARC

LEADER 00000nam a2200000 a 4500
001 UCI4817
003 CL-VaPUC
008 080307e19210000CL |||||||||||||||||spa|d
082 0 4 |a Ch861  |b DON  |2 21 
100 0 |a Donoso G., Francisco  |e author  |9 506315 
245 1 4 |a Las manos de Jesús. Poemas 
300 |a 139 p 
942 |c BK 
945 |d 20080307 00:00:00  |a rbrito 
260 |a Santiago  |b Imprenta de San José  |c 1921 
500 |a Donación padres capuchinos 
650 0 |a Poesías chilenas   |9 265280 
583 |a last modification  |c 20080307 00:00:00  |k Rodrigo Vera 
999 |c 328664  |d 328662 
952 |0 0  |1 0  |4 0  |6 CH_861_000000000000000_DON_1921  |7 0  |8 X  |9 412734  |a FDOBUD  |b FDOBUD  |d 2019-11-22  |i 440890K  |o Ch861 DON 1921  |p 440890K  |r 2019-11-22  |w 2019-11-22  |y BK_X  |k BUD